Madidi (Record no. 5534)

MARC details
000 -LEADER
fixed length control field 00569nam a22002057a 4500
005 - DATE AND TIME OF LATEST TRANSACTION
control field 20250519132655.0
008 - FIXED-LENGTH DATA ELEMENTS--GENERAL INFORMATION
fixed length control field 250519b |||||||| |||| 00| 0 eng d
040 ## - CATALOGING SOURCE
Transcribing agency DepED Dasmarinas City
245 ## - TITLE STATEMENT
Title Madidi
250 ## - EDITION
Edition statement March 2000 Vol. 197 No. 3
490 ## - SERIES STATEMENT
SERIES STATEMENT National Geographic
520 ## - SUMMARY, ETC.
Summary, etc. Madidi National Park, Bugging Out, Arctic Submarine, Ancient Greece III, Hard Rock Legacy, Stone Cold Ascent, Beijing
650 ## - SUBJECT ADDED ENTRY--TOPICAL TERM
General subdivision MADIDI
650 ## - SUBJECT ADDED ENTRY--TOPICAL TERM
General subdivision COLD WAR
650 ## - SUBJECT ADDED ENTRY--TOPICAL TERM
General subdivision ANCIENT GREECE III
650 ## - SUBJECT ADDED ENTRY--TOPICAL TERM
General subdivision MINING
650 ## - SUBJECT ADDED ENTRY--TOPICAL TERM
General subdivision CLIMBERS
650 ## - SUBJECT ADDED ENTRY--TOPICAL TERM
General subdivision BEIJING
942 ## - ADDED ENTRY ELEMENTS (KOHA)
Source of classification or shelving scheme Dewey Decimal Classification
Koha item type Continuing Resources
999 ## -
-- 5534
-- 5534
Holdings
Homebranch current branch Barcode
DepED Dasmarinas City DepED Dasmarinas City DSMSR032000-050